Comprehensive book on flower production / (Record no. 51131)

MARC details
000 -LEADER
fixed length control field 00647nam a2200241Ia 4500
005 - DATE AND TIME OF LATEST TRANSACTION
control field 20260429111837.0
008 - FIXED-LENGTH DATA ELEMENTS--GENERAL INFORMATION
fixed length control field 260429s9999||||xx |||||||||||||| ||und||
020 ## - INTERNATIONAL STANDARD BOOK NUMBER
International Standard Book Number 9789358999587
041 ## - LANGUAGE CODE
Language English
082 ## - DEWEY DECIMAL CLASSIFICATION NUMBER
Classification number 635.3
Item number GAN
100 ## - MAIN ENTRY--PERSONAL NAME
Personal name Gangwar, Rohit
245 #0 - TITLE STATEMENT
Title Comprehensive book on flower production /
Statement of responsibility, etc Rohit Gangwar
250 ## - EDITION STATEMENT
Edition statement 1st ed.
260 ## - PUBLICATION, DISTRIBUTION, ETC. (IMPRINT)
Place of publication, distribution, etc New Delhi :
Name of publisher, distributor, etc Elite Publishing House,
Date of publication, distribution, etc 2024.
300 ## - PHYSICAL DESCRIPTION
Extent viii, 259 p.; hb
650 ## - SUBJECT ADDED ENTRY--TOPICAL TERM
Topical term or geographic name as entry element Flower production
650 ## - SUBJECT ADDED ENTRY--TOPICAL TERM
Topical term or geographic name as entry element Horticulture
700 ## - ADDED ENTRY--PERSONAL NAME
Personal name Adhikari, Kriti
700 ## - ADDED ENTRY--PERSONAL NAME
Personal name Kumar, Mukesh
700 ## - ADDED ENTRY--PERSONAL NAME
Personal name Kumar, Tarun
700 ## - ADDED ENTRY--PERSONAL NAME
Personal name Wamiq, Mohd
942 ## - ADDED ENTRY ELEMENTS (KOHA)
Koha item type Text Books
Holdings
Withdrawn status Lost status Damaged status Not for loan Collection code Home library Location Shelving location Date of Cataloging Source of acquisition Total Checkouts Full call number Barcode Date last seen Price effective from Koha item type
        Non-fiction CUTN Central Library CUTN Central Library Medicine, Technology & Management 29/04/2026 Prashant Book Agency, New Delhi - Invoice No. 536 on 09-02-2026   635.3 GAN 55986 29/04/2026 29/04/2026 Text Books